书目信息 |
| 题名: |
中国社会思想史
|
|
| 作者: | 谢遐龄 主编 | |
| 分册: | ||
| 出版信息: | 北京 高等教育出版社 2003 |
|
| 页数: | 418 | |
| 开本: | 20cm | |
| 丛书名: | ||
| 单 册: | ||
| 中图分类: | C91-09 | |
| 科图分类: | ||
| 主题词: | 社会学 | |
| 电子资源: | ||
| ISBN: | 7-04-012245-6 | |
| 000 | 00524nam0 2200181 450 | |
| 001 | 0753815641 | |
| 005 | 20070930145655.64 | |
| 010 | @a7-04-012245-6@d¥28.10 | |
| 100 | @a20070930d km y0chiy0120 ea | |
| 101 | 0 | @achi |
| 200 | 1 | @a中国社会思想史@Azhong guo she hui si xiang shi@f谢遐龄主编@Fxie xia ling zhu bian |
| 210 | @a北京@c高等教育出版社@d2003 | |
| 215 | @a418@d20cm | |
| 606 | 0 | @a社会学 |
| 690 | @aC91-09@v3 | |
| 701 | 0 | @a谢遐龄@Axie xia ling@4主编 |
| 801 | 0 | @aCN@bPFT@c20070930 |
| 905 | @a213230@dC91-09@eg116@f1 | |
| 中国社会思想史/谢遐龄主编.-北京:高等教育出版社,2003 |
| 418;20cm |
| ISBN 7-04-012245-6:¥28.10 |
| ● |
| 相关链接 |
|
|
|
|
正题名:中国社会思想史
索取号:C91-09/g116
 
预约/预借
| 序号 | 登录号 | 条形码 | 馆藏地/架位号 | 状态 | 备注 |
| 1 | 6504492 | 265044926 | 密集书库-海洋学院/ [索取号:C91-09/g116] | 在馆 |